000 00585nam a2200229Ia 4500
003 OSt
005 20221007063000.0
006 a|||||r|||| 00| 0
007 ta
008 221006b |||||||| |||| 00| 0 eng d
024 _a1,148
037 _cTextual
040 _aFLL
_cFLL
_beng
041 _2eng
_aeng
082 _aX:979C:Z2, M1
100 _aMalhotra O.P.
245 0 _aLaw of Industrial Disputes
250 _a3rd
260 _aBombay
_bN.M. Tripathi India
_c1981
942 _hX:979C:Z2, M1
_cTEXL
_2CC
999 _c1130019
_d1130019